Participantes do BBB 2014 - Statistics

Estatísticas Gerais
  • Esse quiz foi jogado 10 vezes
  • A pontuação média é 10 de 20
Estatísticas das Respostas
Hint Resposta % Correto
Vencedor(a) Vanessa
100%
3º Lugar Clara
89%
2º Lugar Angela
78%
14º eliminado(a) Cássio
67%
17º eliminado(a) Marcelo
67%
9º eliminado(a) Leticia
56%
12º eliminado(a) Aline Dahlen
44%
7º eliminado(a) Amanda
44%
13º eliminado(a) Diego
44%
11º eliminado(a) Franciele
44%
6º eliminado(a) Vagner
44%
16º eliminado(a) Valter
44%
2º eliminado(a) Alisson
33%
8º eliminado(a) Junior
33%
4º eliminado(a) Princy
33%
3º eliminado(a) Rodrigo
33%
15º eliminado(a) Tatiele
33%
5º eliminado(a) Bella
22%
1º eliminado(a) João
22%
10º eliminado(a) Roni
22%
Nenhum quiz correspondente encontrado
Distribuição das Pontuações
Porcentagem de Pessoas com Cada Pontuação
Percentil de Números Respondidos
Sua Pontuação Histórica
Você não jogou esse quiz